000 00303nam a22001337a 4500
003 SGT
082 _a617.69
_bI26L
100 _aLochav, Kirti
245 _aImplant placement techniques
260 _aGurugram
_bSGTU
_c2026
300 _a175
653 _a Prosthodontics & Crown Bridge
942 _2ddc
_cTH
999 _c34568
_d34568